Statistics for Villages in Isle Of Wight

Click here to take the quiz!

General Stats

  • This quiz has been taken 49 times
  • The average score is 4 of 9

Answer Stats

Compass WayAnswer% Correct
North-EastRyde
65%
South-EastShanklin
63%
EastBembridge
60%
South-EastVentnor
60%
WestYarmouth
55%
SouthNiton
45%
WestTotland
40%
EastBrading
35%
North-WestNewtown
23%

Score Distribution

Percentile by Number Answered

Percent of People with Each Score

Your Score History

You have not taken this quiz